000 00696nam a2200277Ia 4500
005 20260324135914.0
008 008 260324s9999 xx 000 0 eng d
020 _a9781410601353
037 _aEBOOK
040 _aCRL
040 _beng
040 _cCRL
041 _2eng
041 _aeng
084 _qCRL
100 _aRobert T. Ammerman; Peggy J. Ott; Ralph E. Tarter
_91202367
245 0 _aPrevention and Societal Impact of Drug and Alcohol Abuse
260 _bTaylor and Francis
260 _c1999
365 _a
365 _b65.99
856 _uhttp://www.taylorfrancis.com/books/9781410601353
942 _cEBOOK
999 _c1803910
_d1803910